| 000 | 00572ntaaa2200205 4500 | ||
|---|---|---|---|
| 003 | 01 | ||
| 005 | 20251027203019.0 | ||
| 008 | 0714s1973 ag 01 | ||
| 040 |
_aAR-BaBN _bspa _cAR-BaBN _eaacr _dRIC |
||
| 082 | _a483.0000 M86 | ||
| 100 | _aMoulton, James Hope | ||
| 245 | _aVocabulary of the Greek Testamentt | ||
| 250 | _a1 ed. | ||
| 260 |
_aLondon : _bHodder and Stoughton, _cc1942 |
||
| 300 |
_a705 p ; _cilu. |
||
| 500 | _aIllustrated from the papyri and other non-literary sources | ||
| 650 |
_agriego _99735 |
||
| 700 |
_aMilligan, George _914054 |
||
| 942 | _cBK | ||
| 999 |
_c25573 _d25573 |
||